Diferencia entre lo temporal y eterno : y crisol de engaños / [por] Juan Eusebio Nieremberg
محفوظ في:
| المؤلف الرئيسي: | |
|---|---|
| التنسيق: | كتاب |
| اللغة: | الإسبانية |
| منشور في: |
Barcelona, España :
Librería Religiosa,
1877
|
| الموضوعات: | |
| الوسوم: |
لا توجد وسوم, كن أول من يضع وسما على هذه التسجيلة!
|
MARC
| LEADER | 00000nam^a2200000^u^4500 | ||
|---|---|---|---|
| 001 | 000545030 | ||
| 005 | 20250521000000.0 | ||
| 008 | 060220s1877^^^^^^^^^^^^r^^^^^000^0^spa^d | ||
| 009 | 20260310131341.288 | ||
| 035 | |a FMI 000014382 | ||
| 037 | |a Acervo Xavier Clavigero | ||
| 041 | |a ESP | ||
| 096 | |a 4.1/42/B | ||
| 100 | |a Nieremberg, Juan Eusebio |e (autor) | ||
| 240 | 1 | 1 | |a [Diferencia entre lo temporal y eterno] |
| 245 | 1 | 0 | |a Diferencia entre lo temporal y eterno : y crisol de engaños / [por] Juan Eusebio Nieremberg |
| 264 | 1 | |a Barcelona, España : |b Librería Religiosa, |c 1877 | |
| 300 | |a 425 p. | ||
| 336 | |a texto |b txt |2 rdacontenido | ||
| 337 | |a sin mediación |b n |2 rdamedio | ||
| 338 | |a volumen |b nc |2 rdasoporte | ||
| 649 | |a XX | ||
| 650 | |a Vida Cristiana - |x Tema Principal | ||
| 650 | |a Conducta de Vida | ||
| 650 | |a Vida después de la Muerte | ||
| 650 | |a Contingencia | ||
| 650 | |a Penitencia | ||
| 650 | |a Meditación | ||
| 650 | |a Espiritualidad | ||
| 650 | |a Cristianismo | ||
| 650 | |a Catolicismo | ||
| 650 | |a Religión | ||
| 910 | |a Fondo Francisco Migoya Covarrubias S.J. | ||
| 920 | |a Impresos - Libros | ||
| 930 | |a Fondos Especiales | ||
| 905 | |a 134 | ||
| 901 | |a SBC06072 |b IT2 |c ESP |u 20250521 | ||
| 902 | |a https://opac.biblio.iteso.mx/vufind/Record/000545030 | ||